000 00353nam a22001577a 4500
003 SGT
020 _a978-1-4557-0792-8
082 _a616.024, C12S
100 _aSPIRO, STEFOHEN G.
245 _aCLINICAL RESPIRATORY MEDICINE
250 _a4TH
260 _aPHILADELPHIA
_bELSEVIER
_c2012
300 _a977
650 _aMEDICINE
942 _2ddc
_cBK
999 _c8436
_d8436